Statistics for Alle trikkeholdeplasser i Oslo

Click here to take the quiz!

General Stats

  • This quiz has been taken 324 times
    (157 since last reset)
  • The average score is 42 of 88

Answer Stats

Linje(r)Trikkeholdeplass% Correct
11, 12, 18Storo
94%
11, 12, 17, 18, 19Jernbanetorget
91%
11, 13Nationaltheatret
82%
11, 12, 19Majorstuen
79%
11, 12Kjelsås
76%
17, 18Rikshospitalet
76%
12Aker brygge
74%
17, 18Grefsen stasjon
74%
11, 12, 17, 18Storgata
74%
12
Vigelandsparken
71%
12, 13Solli
71%
13, 19Ljabru
68%
17, 18Ullevål sykehus
68%
11, 12, 18Birkelunden
65%
11Briskeby
65%
11, 12, 18Olaf Ryes plass
65%
17Sinsenkrysset
65%
17, 18Bislett
62%
13Skøyen
62%
11, 12Disen
59%
11, 19
Bogstadveien
59%
11, 12, 18Sandaker senter
59%
17, 18, 19Stortorvet
59%
11, 12, 18Torshov
59%
17, 18Adamstuen
56%
11, 12, 13Dronningens gate
56%
17, 18Forskningsparken T
56%
12Frogner plass
56%
17, 18, 19Tinghuset
56%
17Carl Berners plass
53%
13, 19Holtet
53%
13Jar
53%
17, 18John Colletts plass
53%
11, 12, 17, 18Nybrua
53%
11, 12, 18Schous plass
53%
13Bekkestua
50%
13, 19Bjørvika
50%
13, 19Ekebergparken
50%
13Lilleaker
50%
12Ruseløkka
50%
12Frogner stadion
47%
11, 12, 13Øvre Slottsgate
47%
17, 18Universitetet Blindern
47%
17, 18, 19Frydenlund
44%
17, 18Gaustadalleen
44%
17, 18, 19Holbergs plass
44%
19Homansbyen
44%
13, 19Kastellet
44%
13, 19Oslo Hospital
44%
13Ullern
44%
11, 12Glads vei
41%
11, 12Grefsen stadion
41%
11, 12, 18Grefsenveien
41%
12Kontraskjæret
41%
13Øraker
41%
13, 19Sæter
41%
17, 18, 19Tullinløkka
41%
12Elisenberg
38%
11, 12, 18Biermanns gate
35%
13Hoff
35%
11Inkognitogata
35%
12Lille Frogner allé
35%
17Rosenhoff
35%
13Skillebekk
35%
17Sofienberg
35%
17, 18Stensgata
35%
13Thune
35%
13, 19Bråten
32%
17, 18Dalsbergstien
32%
11, 12Doktor Smiths vei
32%
11, 12Kjelsåsalleen
32%
12Niels Juels gate
32%
13Nobels gate
32%
11Rosenborg
32%
13, 19Sportsplassen
32%
13Abbediengen
29%
17Lakkegata skole
29%
13, 19Middelalderparken
29%
11Riddervolds plass
29%
13Sollerud
29%
13, 19Sørli
29%
11, 12Grefsenplatået
26%
17Heimdalsgata
26%
17Sinsenterrassen
26%
17, 18, 19Welhavens gate
26%
13, 19Jomfrubråten
24%
13Skarpsno
24%
13Furulund
18%

Score Distribution

Percentile by Number Answered

Percent of People with Each Score

Your Score History

You have not taken this quiz since the last reset